MDQL
is popping MORE tags! Check the
thread
!
Quizzes
Events
Quiz Creation
Community
Videos
Private Events
Remove Ads
Sign In
Join for FREE
Feedback
Dark Mode
Quiz Categories
Sports
Geography
Music
Movies
Television
Just For Fun
Miscellaneous
History
Literature
Language
Science
Gaming
Entertainment
Religion
Holiday
For Kids
Quiz Lab
Recent
Popular Today
Quiz Kudos Today
Editor Picks
Curator Picks
Quizzes by...
Day
Popularity
Type
Ratings
Length
Year
Community
Subscriptions
Recent Discussions
Orange Saloon
Badges
Playlists
Quests
Create
Leaderboards
Showdown
Live 5
Trivia Bingo
Activity
Puzzle Library
Sporcle Events
Private Events
Virtual Trivia
Globe League
Become a Host
Pub Owners
SporcleCon
Opinionation
Our Games
Videos
Blog
Mobile Apps
Partnerships
Remove Ads and Go Orange
Feedback
History
US Presidents
World Leaders
Politics
Nation
Discovery
War
Decade
Year
Century
Biography
Art
History
US Presidents
World Leaders
Politics
Nation
Discovery
War
Decade
Year
Century
Biography
Art
Random Quiz
Search Sporcle
×
Quiz Lab
Quiz Lab
History
Shakespeare
Type in answers that appear in a list
Type in answers that appear in a list
Classic
Best Score? Go Orange.
Frazer Shakespeare Quiz Stats
Review for Frazer's Arbitrary Shakespeare Quiz
By
knwilliams319
15m
62 Questions
42 Plays
42 Plays
42 Plays
Comments
Comments
Give Quiz Kudos
Give Quiz Kudos
-
- Ratings
hide this ad
Forced Order
Answers have to be entered in order
Answers have to be entered in order
Random Order
Randomize order of answers
Randomize order of answers
Replay
Link that replays current quiz
Next Quiz
Link to next quiz in quiz playlist
You Got
0%
They Got
Avg Score
48%
Avg Friend Score
Upgrade to see
Score Distribution
Jump to the score distribution portion of the page
Score
0/62
Timer
15:00
0
Plays Today
Hint
Answer
% Correct
Age of Hamnet when he died
11
73.2%
Were women allowed to act?
No
70.7%
Only play with a black protagonist
Othello
68.3%
Shakespeare's mom's maiden name
Mary Arden
65.9%
Shakespeare's most SUCCessful play
Hamlet
65.9%
William's Wife
Anne Hathaway
63.4%
Shakespeare's most famous character
Falstaff
63.4%
Play often mistaken to be Shakespeare's last
The Tempest
63.4%
Shakespeare's first tragedy
Romeo and Juliet
63.4%
Age of Queen Elizabeth when she died
70
61%
Age of William and his spouse (in that order)
18 and 26
58.5%
Subjects Shakespeare studied in grammar school
Latin and Greek
58.5%
Shakespeare's Greatest History Play
Richard II
58.5%
Queen Elizabeth's closest relative
James I
58.5%
Play written as tribute to Queen Elizabeth
The Merry Wives of Windsor
56.1%
Shakespeare's Final Play
Henry VIII
56.1%
2nd Biggest House in Stratford
New Place
56.1%
Year of Queen Elizabeth's Death
1603
53.7%
Minimum to get into a blackfriar play
6 pence
53.7%
Plague years
1592-1594
53.7%
Main thoroughfare in London
River Thames
53.7%
Why The Theatre was closed down (what expired?)
Lease
53.7%
This theatre was taken down to make parts for The Globe
The Theatre
53.7%
William's Kid's Names
Susanna, Judith, and Hamnet
51.2%
Shakespeare's Worst Play
King John
51.2%
Other Theatres Shakespeare used
The Rose
51.2%
Other Theatres Shapespeare used
The Swan
51.2%
Who Revolted vs. Elizabeth?
Lord Essex
48.8%
William's occupations when he first got to London
Editor and Actor
48.8%
Play written during plague years
Love's Labour's Lost
48.8%
Eulogy of England's Virtues
Henry V
48.8%
Hint
Answer
% Correct
First Roman (not romance!) play
Julius Caesar
48.8%
Play written as tribute to James I
Macbeth
48.8%
Years of Shakespeare's Life
1564-1616
46.3%
How a play was signaled to start
Flag raised
46.3%
Called William an 'upstart young crow'
Robert Greene
43.9%
When was 'The Theatre' created?
1576
43.9%
The Globe's motto
All the world is a stage
43.9%
What play was performed when The Globe burnt down, and what year?
Henry VIII, 1613
43.9%
Other theatres Shakespeare used
Fortune
43.9%
Susanna's husband's name
John Hall
43.9%
Church where Shakespeare was baptised, children baptised, married, and buried
Holy Trinity Church
43.9%
Shakespeare dedicated his sonnets to this person
Earl of South Hampton
41.5%
Who created 'The Theatre'?
James Burbich
41.5%
Why William married his spouse
Wedlock
41.5%
Who created the Blackfriars?
James Burbich
41%
Plays William performed in himself
As You Like It and Hamlet
39%
Other theatres Shakespeare used
Hope
39%
Patron Saint of England
Saint George
39%
Who praised Shakespeare
Ben Johnson
39%
Settings most popular for Shakespeare's Plays
Verona and England
39%
When was The Globe constructed?
1599
38.5%
Play Written for Lord Essex
Richard II
36.6%
Why The Globe was closed
English Civil War
36.6%
What year did Hamnet die? (Also when King John was written)
1596
34.1%
Year when The Globe was closed
1642
31.7%
Judith's husband's name
Thomas Quinny
31.7%
When was the Blackfriars created?
1596
30.8%
Occupations of John Shakespeare
Bailiff and Glove Maker
29.3%
Plays Falstaff performed in
The Merry Wives of Windsor, Henry IV, Henry V
26.8%
Othello's main theme
The power of evil over men
24.4%
Acting troupe's Shakespeare was involved in
King's Men, Lord Chamberlain's Men, and Lord Stranger's Men
19.5%
Quiz Playlist
Details
Report
Send in Message
Add To Playlist
Classic:
Type in answers that appear in a list
Forced Order:
Answers have to be entered in order
Random Order:
Randomize order of answers
Last Updated: Mar 10, 2017
Quiz Scoreboard
CHALLENGE
Sign Up to Join the Scoreboard
Show All
Scores
Hide
Comments
May contain spoilers
Recently Published
1-10 Letter E Words III
by El_Dandy
Language
2m
Street Fighter Characters
by Artimus82
Gaming
60s
College Basketball Coaching Resumes
by pancakes188
Sports
9m
More to Explore
Quiz From the Vault
Featured Blog Post
Where Did the Easter Bunny Come From?
hide this ad
You Might Also Like...
Tags
Shakespeare Quiz
Arbitrary
Review
Today's Top Quizzes in History
Browse History
hide this ad
Today's Top Quizzes in Shakespeare
Browse Shakespeare
Top Contributed Quizzes in History
1
Popular People in 1991
2
Popular People in 1981
3
Popular People in 1951
4
Popular People in 1941
5
Popular People in 1986
6
Popular People in 1976
7
Popular People in 1921
8
5-to-1: 20th Century Images of War
9
I Am Born On March 28th
10
Popular People in 1946
Explore More
Trending Topics
Disney
Crossword
Harry Potter
Anime
Marvel
Kpop
NBA
Pokémon
WWE
NFL
Soccer
Puzzle
Country
Song
The Office
hide this ad
More By:
knwilliams319
Quiz
Plays
Rating
Category
Featured
Created
Frazer Shakespeare Quiz
42
History
Mar 9, 2017
Go to Creator's Profile
Score Distribution
Quiz Creator Spotlight
knwilliams319
Follow
Send a Message
Quizzes Created
-
Created Quiz Play Count
-
More By This Creator
Popular Quizzes Today
1
Find the US States - No Outlines Minefield
2
Find the Countries of Europe - No Outlines Minefield
3
The Countries of the World
4
Find the US States
5
Risky Map Clicking: Biggest States A-Z
6
US States
7
Popular People in 1961
8
Movies - When Are They Set?
More History Quizzes
History Hunt: Greece
Published
Trending Quizzes
Risky Map Clicking: Least Populous States A-Z
Billboard Blitz: Aretha Franklin
1-10 Letter G Words
Countries of the World: 200 Million BC
1-10 Letter F Words
Recently Updated
Leaping Animals
pecheneg
Reality TV Shows (A-Z)
bhenderson79
Rickey Henderson's Hall of Fame Teammates
pecheneg
Champions League XIs: Arsenal
pecheneg
Quick Pick: Celebrities in WWE's Hall of Fame
aduchscher
A-Z Keypad Blitz II
pecheneg
Multiple Oscar Actors
pecheneg
Mystery Phrase Blitz: Oscar 'Best Actors'
pecheneg
F. Scott Fitzgerald Novels
LTH
Pick 3 Villains
ddd62291
Trending Topics
Harry Potter
Marvel
Crossword
Anime
Disney
Kpop
NBA
WWE
Puzzle
Soccer
Pokémon
The Office
NFL
Song
Country
Your Account Isn't Verified!
In order to create a playlist on Sporcle, you need to verify the email address you used during registration. Go to your
Sporcle Settings
to finish the process.
Report this User
Report this user for behavior that violates our
Community Guidelines
.
Details:
Send Report
Go to the Sporcle.com Mobile Site →
Comments